Vocabulary Click Quiz: Starting with A - Statistics

General Stats
  • This quiz has been taken 66 times
  • The average score is 13 of 20
Answer Stats
Hint Answer % Correct
Slaughterhouse abattoir
82%
Sharp bitterness acerbity
82%
Offensive abhorrent
80%
Several things grouped together assemblage
80%
Sharpness of the vision acuity
78%
Small opening aperture
78%
Resembling an uncle avuncular
78%
Agree acquiesce
76%
Difficult to comprehend abstruse
73%
Inability to understand language aphasia
73%
Skillfull; clever adroit
64%
Feeling of intense dislike antipathy
62%
Add details to aggrandize
60%
A preceding occurence antecedent
60%
Erosion by friction attrition
58%
Flee abruptly absquatulate
56%
Based on hypothesis rather than experiment a priori
56%
Native to an area autochthonous
56%
Declare to be true aver
53%
Associated by chance adventitious
40%
No matching quizzes found
Score Distribution
Percent of People with Each Score
Percentile by Number Answered
Your Score History
You have not taken this quiz